书目信息 |
| 题名: |
田老师教小学生作文
|
|
| 作者: | 田荣俊 主编 | |
| 分册: | 600字作文 | |
| 出版信息: | 上海 上海远东出版社 2019.7 |
|
| 页数: | 146页 | |
| 开本: | 23cm | |
| 丛书名: | ||
| 单 册: | ||
| 中图分类: | G624.24 | |
| 科图分类: | ||
| 主题词: | 作文课--小学--教学参考资料 | |
| 电子资源: | ||
| ISBN: | 978-7-5476-1507-2 | |
| 000 | 00884nam0 2200253 45 | |
| 001 | 012001002187 | |
| 005 | 20140823082721.0 | |
| 010 | @a978-7-5476-1507-2@dCNY32.00 | |
| 099 | @aCAL 012020019192 | |
| 100 | @a20191018d2019 ce y0chiy0110 ea | |
| 101 | 0 | @achi |
| 102 | @aCN@b310000 | |
| 105 | @aa z 000yy | |
| 106 | @ar | |
| 200 | 1 | @a田老师教小学生作文@Atian lao shi jiao xiao xue sheng zuo wen@i600字作文@f田荣俊主编 |
| 210 | @a上海@c上海远东出版社@d2019.7 | |
| 215 | @a146页@c图@d23cm | |
| 300 | @a远东作文 | |
| 330 | @a本书辑录的是600字左右的优秀学生作文。全书共分十八个单元,每单元包含“主题导语”、“佳作欣赏”和“作文设计”三部分内容,通过阅读本书,能提高小学生的作文欣赏和写作水平。 | |
| 606 | 0 | @a作文课@x小学@j教学参考资料 |
| 690 | @aG624.24@v5 | |
| 701 | 0 | @a田荣俊@Atian rong jun@4主编 |
| 801 | @aCN@bAHXH@c20210922 | |
| 905 | @b1253683-7@dG624.24@e1705@f5 | |
| 田老师教小学生作文.600字作文/田荣俊主编.-上海:上海远东出版社,2019.7 |
| 146页:图;23cm |
| 远东作文 |
| ISBN 978-7-5476-1507-2:CNY32.00 |
| 本书辑录的是600字左右的优秀学生作文。全书共分十八个单元,每单元包含“主题导语”、“佳作欣赏”和“作文设计”三部分内容,通过阅读本书,能提高小学生的作文欣赏和写作水平。 |
| ● |
| 相关链接 |
|
|
|
|
正题名:田老师教小学生作文
索取号:G624.24/1705
 
预约/预借
| 序号 | 登录号 | 条形码 | 馆藏地/架位号 | 状态 | 备注 |
| 1 | 1253683 | 212536834 | 第一样本阅览室/ [索取号:G624.24/1705] | 在馆 | |
| 2 | 1253684 | 212536843 | 教育系资料室/ [索取号:G624.24/1705] | 在馆 | |
| 3 | 1253685 | 212536852 | 教育系资料室/ [索取号:G624.24/1705] | 在馆 | |
| 4 | 1253686 | 212536861 | 第四借阅区/ [索取号:G624.24/1705] | 在馆 | |
| 5 | 1253687 | 212536870 | 第四借阅区/ [索取号:G624.24/1705] | 在馆 |